JCT: Intermediate building contract 2011 (Record no. 122330)

MARC details
000 -LEADER
fixed length control field 00751nam a22002535i 4500
005 - DATE AND TIME OF LATEST TRANSACTION
control field 20260316111539.0
008 - FIXED-LENGTH DATA ELEMENTS--GENERAL INFORMATION
fixed length control field 260316s2011 enk 000 0 eng
020 ## - INTERNATIONAL STANDARD BOOK NUMBER
ISBN 9780414046764
Qualifying information paperback
038 ## - RECORD CONTENT LICENSOR
Record content licensor Uk
040 ## - CATALOGING SOURCE
Original cataloging agency Uk
041 ## - LANGUAGE CODE
Language code of text/sound track or separate title eng
110 ## - MAIN ENTRY--CORPORATE NAME
Corporate author Joint Contracts Tribunal
245 00 - TITLE STATEMENT
Title JCT: Intermediate building contract 2011
Subtitle IC 2011
246 3# - VARIANT TITLE
Title IC 2011
264 #1 - PRODUCTION, PUBLICATION, DISTRIBUTION, MANUFACTURE, AND COPYRIGHT NOTICE
Place of production, publication, distribution, manufacture London :
Name of producer, publisher, distributor, manufacturer Thomson Reuters (Professional) UK Limited,
Date of production, publication, distribution, manufacture, or copyright notice 2011
300 ## - PHYSICAL DESCRIPTION
Physical description iv, 88 pages ;
Dimensions 30 cm
490 ## - SERIES TITLE
Series statement JCT Contracts 2011
650 #0 - KEYWORDS
Keywords Construction contracts
651 ## - SUBJECT ADDED ENTRY--GEOGRAPHIC NAME
Geographic name United Kingdom
690 ## - BROAD SUBJECT
9 (RLIN) 6230
Broad subject Construction management
710 2# - ADDED CORPORATE NAME
Added corporate author Joint Contracts Tribunal,
Relator term author.
942 ## - ADDED ENTRY ELEMENTS (KOHA)
Suppress in OPAC Do not suppress in OPAC
Holdings
Lost status Source of classification or shelving scheme Damaged status Not for loan Home library Current library Shelving location Date acquired Total Checkouts Full call number Date last seen Price effective from Koha item type
        London London Books 16/03/2026   JCT CONTRACTS 2011/2 16/03/2026 16/03/2026 Book